书目信息 |
| 题名: |
国际电影节概况
|
|
| 作者: | 陈振兴 编 | |
| 分册: | ||
| 出版信息: | 北京 中国电影出版社 1984.2 |
|
| 页数: | 479页 | |
| 开本: | 20cm | |
| 丛书名: | ||
| 单 册: | ||
| 中图分类: | J991 | |
| 科图分类: | ||
| 主题词: | 电影事业 | |
| 电子资源: | ||
| ISBN: | ||
| 000 | 00509nam0 2200193 45 | |
| 001 | 0312221749 | |
| 005 | 20040509153104.7 | |
| 010 | @dCNY2.90 | |
| 100 | @a20031222d1984 km y0chiy0120 ea | |
| 101 | @achi | |
| 105 | @a z 000yy | |
| 200 | 1 | @a国际电影节概况@AGuo Ji Dian Ying Jie Gai Kuang@f陈振兴编@FChen Zhen Xing Bian |
| 210 | @a北京@c中国电影出版社@d1984.2 | |
| 215 | @a479页@d20cm | |
| 606 | 0 | @a电影事业 |
| 690 | @aJ991@v3 | |
| 701 | 0 | @a陈振兴@4编 |
| 801 | @aCN@bTSTCL@c20031222 | |
| 905 | @dJ991@e17 | |
| 国际电影节概况/陈振兴编.-北京:中国电影出版社,1984.2 |
| 479页;20cm |
| ISBN :CNY2.90 |
| ● |
| 相关链接 |
|
|
|
|
正题名:国际电影节概况
索取号:J991/17
 
预约/预借
| 序号 | 登录号 | 条形码 | 馆藏地/架位号 | 状态 | 备注 |
| 1 | 0110886 | 001790146 | 密集书库/ [索取号:J991/17] | 在馆 | |
| 2 | 0110887 | 001218505 | 第一样本阅览室/ [索取号:J991/17] | 在馆 | |
| 3 | 0117347 | 001218523 | 密集书库/ [索取号:J991/17] | 在馆 | |
| 4 | 0117348 | 001218514 | 密集书库/ [索取号:J991/17] | 在馆 | |
| 5 | 0117349 | 001218462 | 第一借阅区/ [索取号:J991/17] | 在馆 |